<?xml version="1.0" encoding="UTF-8"?>
<record
    xmlns:xsi="http://www.w3.org/2001/XMLSchema-instance"
    xsi:schemaLocation="http://www.loc.gov/MARC21/slim http://www.loc.gov/standards/marcxml/schema/MARC21slim.xsd"
    xmlns="http://www.loc.gov/MARC21/slim">

  <leader>01661nam a22002537a 4500</leader>
  <controlfield tag="008">170114s2016        cr||||| |||| 00| 0 spa d</controlfield>
  <datafield tag="020" ind1=" " ind2=" ">
    <subfield code="a">9789968899352</subfield>
  </datafield>
  <datafield tag="082" ind1="0" ind2="4">
    <subfield code="a">701.18 </subfield>
    <subfield code="b">D542c</subfield>
  </datafield>
  <datafield tag="100" ind1="1" ind2=" ">
    <subfield code="a">D&#xED;az Bringas, Tamara.</subfield>
    <subfield code="9">832</subfield>
  </datafield>
  <datafield tag="245" ind1="1" ind2="0">
    <subfield code="a">Cr&#xED;tica pr&#xF3;xima /</subfield>
    <subfield code="c">Tamara D&#xED;az Bringas ; editado por Miguel A. L&#xF3;pez.</subfield>
  </datafield>
  <datafield tag="246" ind1="0" ind2="1">
    <subfield code="a">Critical proximity.</subfield>
  </datafield>
  <datafield tag="250" ind1=" " ind2=" ">
    <subfield code="a">1a ed.</subfield>
  </datafield>
  <datafield tag="260" ind1=" " ind2=" ">
    <subfield code="a">San Jos&#xE9;, Costa Rica :</subfield>
    <subfield code="b">TEOR/&#xE9;tica,</subfield>
    <subfield code="c">2016.</subfield>
  </datafield>
  <datafield tag="300" ind1=" " ind2=" ">
    <subfield code="a">202 p.</subfield>
    <subfield code="b">il. col.</subfield>
  </datafield>
  <datafield tag="440" ind1="0" ind2=" ">
    <subfield code="a">Escrituras locales: Posiciones cr&#xED;ticas desde Am&#xE9;rica Central, el Caribe y sus di&#xE1;sporas</subfield>
    <subfield code="v">1</subfield>
    <subfield code="9">5699</subfield>
  </datafield>
  <datafield tag="505" ind1="0" ind2=" ">
    <subfield code="t">Implicaci&#xF3;n y compromiso</subfield>
    <subfield code="r">Miguel A. L&#xF3;pez.</subfield>
    <subfield code="t">Arte en Centroam&#xE9;rica: la mirada cr&#xED;tica / Art in Central America: the critical gaze.</subfield>
    <subfield code="t">La verdadera historia de un personaje ficticio o la historia ficticia de un personaje real / The true story of a fictional character or the fictional story of a real person.</subfield>
    <subfield code="t">Deseo de una carta: del oeste al oeste / The desire of a letter: from the west to the west.</subfield>
    <subfield code="t">Nueve entradas en 1989 / Nine innings in 1989.</subfield>
    <subfield code="t">El club silencio y el vac&#xED;o de la plaza (a prop&#xF3;sito de El susurro de Tatlin) / Club silencio and the empatiness of the square (regarding Tatlin's whisper.</subfield>
    <subfield code="t">Hsitoria intelectual, historia afectiva: conversaci&#xF3;n con Tamara D&#xED;az Bringas / Intellectual history, affective history: a conversation with Tamara D&#xED;az Bringas</subfield>
    <subfield code="r">Miguel A. L&#xF3;pez.</subfield>
  </datafield>
  <datafield tag="653" ind1="1" ind2="0">
    <subfield code="a">Arte contempor&#xE1;neo</subfield>
  </datafield>
  <datafield tag="653" ind1="1" ind2="0">
    <subfield code="a">Arte Centroamericano</subfield>
  </datafield>
  <datafield tag="653" ind1="1" ind2="0">
    <subfield code="a">Arte - Cr&#xED;tica e interpretaci&#xF3;n</subfield>
  </datafield>
  <datafield tag="653" ind1="1" ind2="0">
    <subfield code="a">Procesos art&#xED;sticos</subfield>
  </datafield>
  <datafield tag="653" ind1="1" ind2="0">
    <subfield code="a">Arte - Centroam&#xE9;rica</subfield>
  </datafield>
  <datafield tag="653" ind1="1" ind2="0">
    <subfield code="a">Arte - Ensayos</subfield>
  </datafield>
  <datafield tag="700" ind1="1" ind2=" ">
    <subfield code="a">L&#xF3;pez, Miguel A.</subfield>
    <subfield code="e">editor.</subfield>
    <subfield code="9">5700</subfield>
  </datafield>
  <datafield tag="999" ind1=" " ind2=" ">
    <subfield code="c">1117</subfield>
    <subfield code="d">1117</subfield>
  </datafield>
  <datafield tag="952" ind1=" " ind2=" ">
    <subfield code="0">0</subfield>
    <subfield code="1">0</subfield>
    <subfield code="2">ddc</subfield>
    <subfield code="4">0</subfield>
    <subfield code="7">0</subfield>
    <subfield code="a">LV</subfield>
    <subfield code="b">LV</subfield>
    <subfield code="c">Colecci&#xF3;n Teor&#xE9;tica</subfield>
    <subfield code="d">2017-01-14</subfield>
    <subfield code="l">0</subfield>
    <subfield code="o">701.18  D542c</subfield>
    <subfield code="p">004309</subfield>
    <subfield code="r">2017-01-14 00:00:00</subfield>
    <subfield code="w">2017-01-14</subfield>
    <subfield code="y">01</subfield>
  </datafield>
  <datafield tag="952" ind1=" " ind2=" ">
    <subfield code="0">0</subfield>
    <subfield code="1">0</subfield>
    <subfield code="2">ddc</subfield>
    <subfield code="4">0</subfield>
    <subfield code="7">0</subfield>
    <subfield code="a">LV</subfield>
    <subfield code="b">LV</subfield>
    <subfield code="c">Colecci&#xF3;n Teor&#xE9;tica</subfield>
    <subfield code="d">2018-09-20</subfield>
    <subfield code="l">0</subfield>
    <subfield code="o">701.18  D542c</subfield>
    <subfield code="p">002262</subfield>
    <subfield code="r">2018-09-20 00:00:00</subfield>
    <subfield code="w">2018-09-20</subfield>
    <subfield code="y">01</subfield>
  </datafield>
</record>
